| 000 | 00741nam a2200229Ii 4500 | ||
|---|---|---|---|
| 003 | JO-AjNU | ||
| 008 | 230605s9999||||xx |||||||||||||| ||und|| | ||
| 017 | _a1978/4683 | ||
| 020 | _a977-7259-760 | ||
| 040 |
_aJO-AjNU _bara _erda _cJO-AjNU |
||
| 041 | _aara | ||
| 050 | 1 | 4 | _aH62.L3.1991 |
| 100 | 3 |
_aأحمد حسين اللقاني،برنس أحمد رضوان, _eauthor _917527 |
|
| 245 | 0 | 0 | _aتدريس المواد الاجتماعية |
| 250 | _aط3مزيدة ومنقحة | ||
| 264 | 3 | 1 | _aالقاهرة:عالم الكتب،1991 |
| 300 | _a334ص | ||
| 336 |
_atext _btxt _2rdacontent |
||
| 337 |
_aunmediated _bn _2rdamedia |
||
| 338 |
_avolume _bnc _2rdacarrier |
||
| 650 | 4 |
_aعلوم اجتماعية-طرق تدريس _917528 |
|
| 999 |
_aA5430 _c8998 _d8998 |
||